Sectarian war : (Record no. 16139)

000 -LEADER
fixed length control field 02201nam a2200313 a 4500
001 - CONTROL NUMBER
control field ASIN0199065934
005 - DATE AND TIME OF LATEST TRANSACTION
control field 20170105102933.0
008 - FIXED-LENGTH DATA ELEMENTS--GENERAL INFORMATION
fixed length control field 150603s2012 xxu eng d
020 ## - INTERNATIONAL STANDARD BOOK NUMBER
International Standard Book Number 0199065934 (paperback)
Terms of availability $45.00
020 ## - INTERNATIONAL STANDARD BOOK NUMBER
International Standard Book Number 9780199065936 (paperback)
040 ## - CATALOGING SOURCE
Original cataloging agency 0
050 04 - LIBRARY OF CONGRESS CALL NUMBER
Classification number HN690.5.V5
082 04 - DEWEY DECIMAL CLASSIFICATION NUMBER
Classification number 363.325095491
Author Mark AHM 2011
100 1# - MAIN ENTRY--PERSONAL NAME
Personal name Ahmed, Khaled.
245 10 - TITLE STATEMENT
Title Sectarian war :
Remainder of title pakistan's sunni-shia violence and its links to the middle east /
Statement of responsibility, etc. Khaled Ahmed.
260 ## - PUBLICATION, DISTRIBUTION, ETC.
Place of publication, distribution, etc. [S.l.] :
Name of publisher, distributor, etc. Oxford University Press,
Date of publication, distribution, etc. 2012.
300 ## - PHYSICAL DESCRIPTION
Extent 300 p. ;
Dimensions 22 cm.
520 ## - SUMMARY, ETC.
Summary, etc. The book is an account of how the Shia-Sunni conflict was relocated from the Middle East to Pakistan after the rise of Revolutionary Iran in 1979, through the mediating agency of the rulers in Pakistan and the proliferation of the religious seminaries funded by Saudi Arabia. It examines the death of General Zia in the context of the sectarian conflict, goes into the process of production of apostatising fatwas in Pakistan followed by violent action by organizations formed from the non-state actors used by the state for its covert wars. It also delves into the state of the Shia communities in the Middle East and their historical connections with South Asia. It examines the rise of Shia culture in Lucknow and its formative influence on the rise of the Shia in Iraq, with a parallel scrutiny of the rise of Wahhabism and its infiltration of India in the eighteenth century. It records the origins and history of organisations doing sectarian terrorism in Pakistan and their linkages to Al Qaeda whose trajectory into a sectarian identity is also traced to the rise of Al Zarqawi as a parallel leader in Iraq. The book facilitates an understanding of the phenomenon of terrorism in Pakistan today.
650 #0 - SUBJECT ADDED ENTRY--TOPICAL TERM
Topical term or geographic name entry element Interfaith relations
650 #0 - SUBJECT ADDED ENTRY--TOPICAL TERM
Topical term or geographic name entry element Middle East
650 #0 - SUBJECT ADDED ENTRY--TOPICAL TERM
Topical term or geographic name entry element Pakistan
650 #0 - SUBJECT ADDED ENTRY--TOPICAL TERM
Topical term or geographic name entry element Political violence--Religious aspects
650 #0 - SUBJECT ADDED ENTRY--TOPICAL TERM
Topical term or geographic name entry element Shīʻah
650 #0 - SUBJECT ADDED ENTRY--TOPICAL TERM
Topical term or geographic name entry element Sunnites
650 #0 - SUBJECT ADDED ENTRY--TOPICAL TERM
Topical term or geographic name entry element Terrorism--Religious aspects
650 #0 - SUBJECT ADDED ENTRY--TOPICAL TERM
Topical term or geographic name entry element Terrorism--Religious aspects--Islam
856 40 - ELECTRONIC LOCATION AND ACCESS
Materials specified Amazon.com
Uniform Resource Identifier <a href="http://www.amazon.com/exec/obidos/ASIN/0199065934/chopaconline-20">http://www.amazon.com/exec/obidos/ASIN/0199065934/chopaconline-20</a>
942 ## - ADDED ENTRY ELEMENTS (KOHA)
Source of classification or shelving scheme
Koha item type Book
Holdings
Withdrawn status Lost status Damaged status Not for loan Collection code Permanent Location Current Location Shelving location Date acquired Total Checkouts Full call number Barcode Date last seen Price effective from Koha item type
          Centre for International Peace & Stability (CIPS) Centre for International Peace & Stability (CIPS) General Stacks 05/29/2015   363.325095491 AHM 2011 CIPS0002607 06/04/2015 06/04/2015 Book
© 2023 Central Library, National University of Sciences and Technology. All Rights Reserved.